|
|
|
|
| LEADER |
00000nam0a2200000 4500 |
| 001 |
21111 |
| 005 |
20231030192339.0 |
| 035 |
|
|
|a (RuTPU)RU\TPU\book\21309
|
| 035 |
|
|
|a BOOK00006002
|
| 090 |
|
|
|a 21111
|
| 100 |
|
|
|a 20011209d1976 km y0rusy50 ca
|
| 101 |
0 |
|
|a rus
|
| 102 |
|
|
|a RU
|
| 105 |
|
|
|a a z 000zy
|
| 200 |
1 |
|
|a Первобытное искусство
|e Сборник
|f Под ред. Р. С. Васильевского
|
| 210 |
|
|
|a Новосибирск
|c Наука
|d 1976
|
| 215 |
|
|
|a 179 с.
|c ил.
|
| 610 |
1 |
|
|a искусство
|
| 610 |
1 |
|
|a история
|
| 610 |
1 |
|
|a первобытное искусство
|
| 610 |
1 |
|
|a наскальные рисунки
|
| 675 |
|
|
|a 7.031
|v 3
|
| 702 |
|
1 |
|a Васильевский
|b Р. С.
|g Руслан Сергеевич
|
| 801 |
|
0 |
|a RU
|b 63413507
|c 20011209
|g PSBO
|
| 801 |
|
2 |
|a RU
|b 63413507
|c 20110329
|g PSBO
|
| 942 |
|
|
|c BK
|